1市1町1村の合併 (平成時代) - Statistics

General Stats
  • This quiz has been taken 30 times
  • The average score is 30 of 51
Answer Stats
都道府県 合併日 合併後 市町村 % Correct
新潟県 2005.5.1 三条市 三条市
92%
新潟県 2005.5.1 新発田市 新発田市
92%
北海道 2006.3.27 岩見沢市 岩見沢市
92%
長野県 2010.1.1 長野市 長野市
92%
岩手県 1991.4.1 北上市 北上市
88%
福島県 2005.4.1 須賀川市 須賀川市
88%
岩手県 2005.6.6 宮古市 宮古市
88%
愛知県 2005.10.1 新城市 新城市
88%
大分県 2005.10.1 杵築市 杵築市
88%
青森県 2006.2.27 弘前市 弘前市
88%
長野県 2006.3.31 伊那市 伊那市
88%
山梨県 2005.3.22 山梨市 山梨市
84%
青森県 2005.3.28 五所川原市 五所川原市
84%
栃木県 2005.10.1 大田原市 大田原市
84%
新潟県 2005.4.1 妙高市 新井市
80%
鹿児島県 2006.3.20 奄美市 名瀬市
80%
妙高高原町
72%
山梨県 2005.11.1 甲州市 塩山市
72%
岩木町
64%
北村
64%
栗沢町
60%
江釣子村
56%
金木町
56%
鳳来町
56%
高遠町
56%
信州新町
56%
市浦村
52%
下田村
52%
田老町
52%
勝沼町
52%
妙高村
48%
大和村
48%
笠利町
48%
山香町
44%
岩瀬村
40%
紫雲寺町
40%
加治川村
40%
黒羽町
40%
相馬村
40%
住用村
40%
長谷村
40%
和賀町
36%
牧丘町
36%
新里村
36%
作手村
36%
三富村
32%
長沼町
32%
栄町
32%
湯津上村
32%
中条村
32%
大田村
24%
No matching quizzes found
Score Distribution
Percent of People with Each Score
Percentile by Number Answered
Your Score History
You have not taken this quiz